Engineered materials handbook, volume 1

Bibliographic Details
Corporate Author: ASM International
Format: Book
Published: Metals Park, Ohio : ASM International , c1987
Subjects:

MARC

LEADER 00000cam a2200000 7i4500
001 0000004034
005 20070906093000.0
008 021118n
020 |a 0871702797 ,   |c (v. 1) 
090 0 0 |a TA403   |b .E497 1987 j1 ff 
245 0 0 |a Engineered materials handbook, volume 1   |c prepared under the direction of ASM International Handbook Committee 
260 2 |a Metals Park, Ohio :   |b ASM International ,   |c c1987 
300 |a xiv, 983 p. ; ;   |c 28 cm. 
501 |a Contents: v. 1 Composites 
501 |a Includes index 
650 0 |a Materials   |v Handbooks, manuals, etc. 
710 0 0 |a ASM International. ,   |c Handbook Committee 
740 0 0 |a Composites 
999 |a 1000052717   |b Book   |c Close Access   |e Gong Badak Campus